Find the African Countries Without 'Z' Quiz Stats

 Plays Quiz not verified by Sporcle

Score 0/49 Timer 04:00
0 Plays Today
% Correct
Algeria
99.6%
Sudan
99.6%
Libya
99.3%
Egypt
99.3%
Ethiopia
99.3%
Somalia
98.9%
Kenya
98.6%
South Sudan
98.6%
Morocco
98.2%
Mali
98.2%
South Africa
98.2%
Eritrea
97.9%
Niger
97.9%
Democratic Republic of the Congo
97.9%
Tunisia
97.5%
Chad
97.5%
Madagascar
97.5%
Central African Republic
97.5%
Nigeria
97.2%
Cameroon
97.2%
Uganda
97.2%
Angola
97.2%
Namibia
97.2%
Rwanda
97.2%
Burkina Faso
96.8%
% Correct
Ghana
96.8%
Togo
96.8%
Benin
96.8%
Liberia
96.8%
Côte d'Ivoire
96.8%
Guinea
96.8%
Mauritania
96.8%
Gabon
96.8%
Senegal
96.5%
Republic of the Congo
96.5%
Burundi
96.5%
Sierra Leone
96.1%
Equatorial Guinea
95.8%
Lesotho
95.8%
Guinea-Bissau
95.4%
Botswana
95.4%
Seychelles
95.1%
Comoros
94.7%
The Gambia
94%
Djibouti
93.3%
Mauritius
92.6%
Cabo Verde
92.2%
Malawi
90.5%
São Tomé and Príncipe
86.2%

You're not logged in!

Compare scores with friends on all Sporcle quizzes.
Join for Free
OR
Log In

You Might Also Like...

Show Comments

Extras

Top Quizzes Today


Score Distribution

Your Account Isn't Verified!

In order to create a playlist on Sporcle, you need to verify the email address you used during registration. Go to your Sporcle Settings to finish the process.

Report this User

Report this user for behavior that violates our Community Guidelines.

Details: